| 000 | 00000nam 2200000zi 4500 |
| 001 | 9.954539 |
| 003 | CaOODSP |
| 005 | 20250828082004 |
| 006 | m o d f |
| 007 | cr mn||||||||| |
| 008 | 250827e20241122onc ob f000 0 fre d |
| 040 | |aCaOODSP|bfre|erda|cCaOODSP |
| 043 | |an-cn--- |
| 086 | 1 |aRv55-8/1-8-1-2024F-PDF |
| 245 | 00|aAgrément des courtiers en douane. |
| 250 | |a[Édition de 22 novembre 2024]. |
| 264 | 1|aOttawa : |bAgence des services frontaliers du Canada = Canada Border Services Agency, |cle 22 novembre 2024. |
| 300 | |a1 ressource en ligne (19 pages). |
| 336 | |atexte|btxt|2rdacontent/fre |
| 337 | |ainformatique|bc|2rdamedia/fre |
| 338 | |aressource en ligne|bcr|2rdacarrier/fre |
| 490 | 1 |aMémorandum, |x2369-2405 ; |vD1-8-1 |
| 500 | |aTitre de départ. |
| 500 | |aL'ISSN (2369-2391) imprimé dans cette publication est incorrect. |
| 500 | |aPublié aussi en anglais sous le titre : Licensing of customs brokers. |
| 500 | |a« Ceci annule le mémorandum D, D1-8-1 daté le 17 septembre 2008. » |
| 504 | |aComprend des références bibliographiques (page 19). |
| 520 | |a« Résumé des procédures à suivre par un particulier, une société ou une société de personnes demandant un agrément de courtier en douane, et des conditions d'exploitation pour les courtiers en douane agréés » -- Contenu clé, page [1]. |
| 650 | 6|aAgents en douanes|xPermis, licences, etc.|zCanada. |
| 710 | 2 |aAgence des services frontaliers du Canada, |eorganisme de publication. |
| 775 | 08|tLicensing of customs brokers.|w(CaOODSP)9.954536 |
| 795 | |tAgrément des courtiers en douane.|b[Édition de 23 août 2023]|w(CaOODSP)9.937026 |
| 830 | #0|aMémorandum (Agence des services frontaliers du Canada)|x2369-2405 ; |vD1-8-1.|w(CaOODSP)9.816826 |
| 856 | 40|qPDF|s355 Ko|uhttps://publications.gc.ca/collections/collection_2025/asfc-cbsa/Rv55-8-1-8-1-2024-fra.pdf |